| Tag |
First Indicator |
Second Indicator |
Subfields |
| LEADER |
00000cam a2200000Ka 4500 |
| 001 |
in00002785432 |
| 005 |
20150922145310.0 |
| 006 |
m fo d |
| 007 |
cr unu|||||||| |
| 008 |
121121s2012 txu obm 000 0 eng d |
| 035 |
|
|
|a (OCoLC)ocn818900873
|
| 035 |
|
|
|a (OCoLC)818900873
|
| 035 |
|
|
|a (TxCM)http://hdl.handle.net/1969.1/ETD-TAMU-2012-08-11738
|
| 040 |
|
|
|a TXA
|c TXA
|d UtOrBLW
|
| 049 |
|
|
|a TXAM
|
| 099 |
|
|
|a 2012
|a Thesis
|a 1969.1/ETD-TAMU-2012-08-11738
|
| 100 |
1 |
|
|a Welborn, Sarah.
|
| 245 |
1 |
0 |
|a Population genetic analyses of the Baird's pocket gopher, Geomys breviceps.
|
| 264 |
|
1 |
|a [College Station, Tex.] :
|b [Texas A&M University],
|c [2012]
|
| 300 |
|
|
|a 1 online resource.
|
| 336 |
|
|
|a text
|b txt
|2 rdacontent
|
| 337 |
|
|
|a computer
|b c
|2 rdamedia
|
| 338 |
|
|
|a online resource
|b cr
|2 rdacarrier
|
| 500 |
|
|
|a "Major Subject: Wildlife and Fisheries Sciences"
|
| 588 |
|
|
|a Description from author supplied metadata (automated record created 2012-10-22 13:24:58).
|
| 502 |
|
|
|b Master of Science
|c Texas A&M University
|d 2012
|o http://hdl.handle.net/1969.1/ETD-TAMU-2012-08-11738
|
| 504 |
|
|
|a Includes bibliographical references.
|
| 516 |
|
|
|a Text (Thesis)
|
| 520 |
3 |
|
|a The Baird's pocket gopher (Geomys breviceps) is a solitary, fossorial rodent found throughout areas of Texas, Arkansas, Oklahoma, and Louisiana. Research focusing on the population genetics of pocket gophers and other species with limited vagility and isolated populations is lacking. Through the use of mitochondrial and microsatellite data, a series of population genetic analyses were completed to better understand the population structure and gene flow among a series of G. breviceps localities. Pocket gophers were captured from five localities in the Brazos Valley and used in this study. Due to the lack of microsatellite loci available for G. breviceps, 10 loci were created for use in this study. Overall estimates from the population genetic analyses showed high levels of gene flow amongst nearby localities with decreasing levels as distance between localities increased. Findings suggest that 2-3 localities located within 2 km of each other function as one genetic cluster thus showing 3-4 total genetic clusters total in this study. Results also suggest that the Baird⁰́₉s pocket gopher is capable of moving at least 2 km, but further analyses should be completed to better understand dispersal distance.
|
| 500 |
|
|
|a Electronic resource.
|
| 650 |
|
4 |
|a Major Wildlife and Fisheries Sciences.
|
| 653 |
|
|
|a Pocket gophers
|
| 653 |
|
|
|a Geomyidae
|
| 653 |
|
|
|a Microsatellites
|
| 653 |
|
|
|a Geomys breviceps
|
| 653 |
|
|
|a Population genetics
|
| 653 |
|
|
|a Rodentia
|
| 700 |
1 |
|
|a Light, Jessica E.,
|e thesis advisor.
|
| 700 |
1 |
|
|a Voelker, Gary,
|e thesis advisor.
|
| 856 |
4 |
0 |
|u http://hdl.handle.net/1969.1/ETD-TAMU-2012-08-11738
|z Link to OAK Trust copy
|t 0
|
| 948 |
|
|
|a cataloged
|b h
|c 2012/11/21
|d o
|e jstorlie
|f 3:07:22 pm
|
| 994 |
|
|
|a C0
|b TXA
|
| 999 |
|
|
|a MARS
|
| 999 |
f |
f |
|s 9cb148f4-70a4-3bad-89ee-69d84f1b37fc
|i 0bdbc969-abad-3a4e-846f-4804da1643ee
|t 0
|
| 952 |
f |
f |
|a Texas A&M University
|b College Station
|c Electronic Resources
|d Available Online
|t 0
|e 2012 Thesis 1969.1/ETD-TAMU-2012-08-11738
|h Other scheme
|
| 998 |
f |
f |
|a 2012 Thesis 1969.1/ETD-TAMU-2012-08-11738
|t 0
|l Available Online
|